SCECSAL XVII : (Record no. 116)

MARC details
000 -LEADER
fixed length control field 01442cam a2200301 a 4500
001 - CONTROL NUMBER
control field 14928713
003 - CONTROL NUMBER IDENTIFIER
control field OSt
005 - DATE AND TIME OF LATEST TRANSACTION
control field 20230602120737.0
008 - FIXED-LENGTH DATA ELEMENTS--GENERAL INFORMATION
fixed length control field 070716s2006 tz a b 000 0 eng
010 ## - LIBRARY OF CONGRESS CONTROL NUMBER
LC control number 2007382487
020 ## - INTERNATIONAL STANDARD BOOK NUMBER
International Standard Book Number 9987908616
040 ## - CATALOGING SOURCE
Original cataloging agency DLC
Transcribing agency DLC
043 ## - GEOGRAPHIC AREA CODE
Geographic area code f------
082 ## - DEWEY DECIMAL CLASSIFICATION NUMBER
Classification number 027.060
Item number TAN
111 2# - MAIN ENTRY--MEETING NAME
Meeting name or jurisdiction name as entry element Standing Conference of Eastern, Central and Southern African Library and Information Associations
Number of part/section/meeting (17th :
Date of meeting 2006 :
Location of meeting Dar es Salaam, Tanzania)
245 10 - TITLE STATEMENT
Title SCECSAL XVII :
Remainder of title librarianship as a bridge to an information and knowledge society in eastern, central, and southern Africa : hosted by Tanzania Library Association : Diamond Jubilee Conference Centre, Dar es Salaam, Tanzania, 10-14 July 2006.
246 30 - VARYING FORM OF TITLE
Title proper/short title Librarianship as a bridge to an information and knowledge society in eastern, central, and southern Africa
246 17 - VARYING FORM OF TITLE
Title proper/short title XVII Standing Conference of Eastern, Central & Southern Africa Library & Information Associations
260 ## - PUBLICATION, DISTRIBUTION, ETC. (IMPRINT)
Place of publication, distribution, etc. Dar es Salaam, Tanzania :
Name of publisher, distributor, etc. Library and Information Association of Tanzania,
Date of publication, distribution, etc. c2006.
300 ## - PHYSICAL DESCRIPTION
Extent xviii, 687 p. :
Other physical details ill. ;
Dimensions 21 cm.
504 ## - BIBLIOGRAPHY, ETC. NOTE
Bibliography, etc Includes bibliographical references.
650 #0 - SUBJECT ADDED ENTRY--TOPICAL TERM
Topical term or geographic name as entry element Library science
Geographic subdivision Africa
Form subdivision Congresses.
650 #0 - SUBJECT ADDED ENTRY--TOPICAL TERM
Topical term or geographic name as entry element Libraries
Geographic subdivision Africa
Form subdivision Congresses.
710 2# - ADDED ENTRY--CORPORATE NAME
Corporate name or jurisdiction name as entry element Tanzania Library Association.
906 ## - LOCAL DATA ELEMENT F, LDF (RLIN)
a 7
b cbc
c origode
d 3
e ncip
f 20
g y-gencatlg
942 ## - ADDED ENTRY ELEMENTS (KOHA)
Source of classification or shelving scheme Dewey Decimal Classification
Koha item type Books
Holdings
Withdrawn status Lost status Source of classification or shelving scheme Damaged status Not for loan Home library Current library Date acquired Total Checkouts Full call number Barcode Date last seen Price effective from Koha item type
    Dewey Decimal Classification     Bunge Tower Library Bunge Tower Library 06/02/2023   027.060 TAN 10014771 06/02/2023 06/02/2023 Books
LIBRARY OPENING HOURS

When the Parliament is sitting: 8.00a.m - 7.00p.m or until the house adjourns
Mondays and Fridays and when the House is on Recess:  8.00a.m - 5.00p.m
Closed on Weekends and Public Holidays

Online Public Access Catalog (OPAC)
Website: http://www.parliament.go.ke
Bunge Library: https://libraryir.parliament.go.ke
Contact: library@parliament.go.ke | Tel no: (254-2)2221291 or 2848000 Ext 5043